=LDR 00000nam 2200000 4500 =001 INLIS000000000036228 =005 20130612142028 =008 ***********************************Ind** =035 ##$$a0010-061300000036228 =041 ##$$a Ind =082 ##$$a 028.5 =090 ##$$a 028.5, Set s =100 ##$$a Setyawan, Koen =245 ##$$a Seri binatang langka indonesia, penyu dan badak, Koen Setyawan =260 ##$$a [s.a] $b Jakarta =300 ##$$a 47 hlm, ilus, 28 cm =650 ##$$a Bacaan kanak-kanak =850 ##$$a NBPNMAT =990 ##$$a 21194948/BPAP-NTB/2014 =990 ##$$a 0001/BPAP-NTB/20142014 =990 ##$$a 21102091 =990 ##$$a 21194948/BPAP-NTB/2014 =990 ##$$a 03500350 =990 ##$$a 21102092 =990 ##$$a 21194948/BPAP-NTB/2014 =990 ##$$a 21102091